Lenguaje y comunicación, 3º básico: texto para el estudiante

Furkejuvvon:
Bibliográfalaš dieđut
Váldodahkkit: Toro Arriagada, Gabriela (Dahkki), Stevenson Valdés, Alejandra (Dahkki), Pizarro R., Rebeca (Dahkki)
Materiálatiipa: Girji
Giella:espánnjágiella
Almmustuhtton: Santiago Zig-Zag 2002
Fáttát:
Fáddágilkorat: Lasit fáddágilkoriid
Eai fáddágilkorat, Lasit vuosttaš fáddágilkora!

MARC

LEADER 00000nam a2200000 a 4500
001 UCL2176
003 CL-VaPUC
008 031010e20020000CL |||||||||||||||||spa|d
020 |a 9561214458 
082 0 4 |a 372.6  |b TOR  |2 21 
100 0 |a Toro Arriagada, Gabriela  |e author  |9 479210 
700 0 |a Stevenson Valdés, Alejandra  |e author  |9 479211 
700 0 |a Pizarro R., Rebeca  |e author  |9 479212 
245 1 0 |a Lenguaje y comunicación, 3º básico: texto para el estudiante 
300 |a 173 p 
942 |c BK 
945 |d 20031010 00:00:00  |a cmena 
260 |a Santiago  |b Zig-Zag  |c 2002 
650 0 |a Educación lingüística  |9 306506 
650 0 |a Educación básica   |9 224933 
650 0 |a Métodos de enseñanza  |9 270413 
650 0 |a Libros de texto  |9 270019 
583 |a last modification  |c 20160912 02:08:28  |k Rodrigo Vera 
999 |c 305535  |d 305533 
952 |0 0  |1 0  |4 0  |6 372_600000000000000_TOR_2002  |7 0  |8 P  |9 369573  |a BIBEDU  |b BIBEDU  |c BIBEDU_PB  |d 2019-11-21  |i 394882K  |o 372.6 TOR 2002  |p 394882K  |r 2024-01-25  |w 2019-11-21  |y BK  |k EBA 
952 |0 0  |1 0  |4 0  |6 372_600000000000000_TOR_2002  |7 0  |8 P  |9 369574  |a BIBEDU  |b BIBEDU  |d 2019-11-21  |i 3948846  |o 372.6 TOR 2002  |p 3948846  |r 2019-11-21  |w 2019-11-21  |y BK  |k EBA 
952 |0 0  |1 0  |4 0  |6 372_600000000000000_TOR_2002  |7 0  |8 P  |9 369575  |a BIBEDU  |b BIBEDU  |d 2019-11-21  |i 3948889  |o 372.6 TOR 2002  |p 3948889  |r 2019-11-21  |w 2019-11-21  |y BK  |k EBA 
952 |0 0  |1 0  |4 0  |6 372_600000000000000_TOR_2002  |7 0  |8 P  |9 369576  |a BIBEDU  |b BIBEDU  |c BIBEDU_PB  |d 2019-11-21  |i 3948897  |o 372.6 TOR 2002  |p 3948897  |r 2024-01-25  |w 2019-11-21  |y BK  |k EBA 
952 |0 0  |1 2  |4 0  |6 372_600000000000000_TOR_2002  |7 0  |8 A  |9 369577  |a BIBGIM  |b BIBGIM  |d 2019-11-21  |i 4044819  |o 372.6 TOR 2002  |p 4044819  |r 2019-11-21  |w 2019-11-21  |y BK  |k GIM 
952 |0 0  |1 0  |4 0  |6 372_600000000000000_TOR_2002  |7 0  |8 P  |9 369578  |a BIBEDU  |b BIBEDU  |c BIBEDU_PB  |d 2019-11-21  |i 4195264  |o 372.6 TOR 2002  |p 4195264  |r 2024-01-25  |w 2019-11-21  |y BK  |k EBA